header

Business consulting (Record no. 227539)

MARC details
000 -LEADER
fixed length control field 01294nam a2200337 a 4500
082 04 - DEWEY DECIMAL CLASSIFICATION NUMBER
Classification number 658.46
100 1# - MAIN ENTRY--AUTHOR NAME
Personal name Toppin, Gilbert.
245 10 - TITLE STATEMENT
Title Business consulting
260 ## - PUBLICATION, DISTRIBUTION, ETC. (IMPRINT)
Place of publication London :
Name of publisher Profile,
Year of publication 2005.
300 ## - PHYSICAL DESCRIPTION
Number of Pages viii, 264 p. :
Other physical details ill. .
500 ## - GENERAL NOTE
General note At head of title: The Economist.
650 #0 - SUBJECT ADDED ENTRY--TOPICAL TERM
Topical Term Business consultants.
700 1# - ADDED ENTRY--PERSONAL NAME
Personal name Czerniawska, Fiona.
856 40 - ELECTRONIC LOCATION AND ACCESS
Uniform Resource Identifier http://site.ebrary.com/lib/rucke/Doc?id=10210688

No items available.

© 2026 Rongo University
Contact us: librarian | system librarian | Rongo university